| 000 | 02418cam a22002174a 4500 | ||
|---|---|---|---|
| 005 | 20250605164031.0 | ||
| 008 | 250528s ||||||||||||||||||||||||d | ||
| 035 | _a16630 | ||
| 020 | _a9603220051 | ||
| 040 |
_aGR-AtMCL _bgre _dGR-AtMCL _eAACR2 |
||
| 245 | 1 |
_aΙστορία του Ελληνικού Κινηματογράφου. _nΒ' Τόμος Ε' 'Εκδοση Αναθεωρημένη |
|
| 250 | _a5η | ||
| 260 |
_bΑιγόκερως, _c1989 |
||
| 300 | _a256 | ||
| 505 | 0 | _aΟ Εμπορικός Κινηματογράφος, Το Κοινόν: Ηλίθιον ή Υπανάκτυκτον Τέρασ, Η Εικόνα που Παρουσιάζουν Οι Παραγωγοί, Ο Σκηνοθέτης στον Κινηματογράφο του Παραγωγού, Το Σενάριο Πηγή Όλων των Κακών, Ηθοποιοί και Απόπειρες για Στάρ Σύστεμ, Το Κράτος Ο Μεγάλος Ένοχος, Η Θεματολογία του Ελληνικού Κινηματογράφου, Το Μελό, Η Δραματική Ιστορία της Μάνας και του Παιδιού, Μη Αίσιον Τέλος, Η Ελληνική Ιστορία και ο Πόλεμος στον Κινηματογράφο μας, Η Αστυνομική Ταινία, Το Μιούζικαλ, Μιά σημείωση για την Κωμωδία. | |
| 520 | _aΟ Εμπορικός Κινηματογράφος, Το Κοινόν: Ηλίθιον ή Υπανάκτυκτον Τέρασ, Η Εικόνα που Παρουσιάζουν Οι Παραγωγοί, Ο Σκηνοθέτης στον Κινηματογράφο του Παραγωγού, Το Σενάριο Πηγή Όλων των Κακών, Ηθοποιοί και Απόπειρες για Στάρ Σύστεμ, Το Κράτος Ο Μεγάλος Ένοχος, Η Θεματολογία του Ελληνικού Κινηματογράφου, Το Μελό, Η Δραματική Ιστορία της Μάνας και του Παιδιού, Μη Αίσιον Τέλος, Η Ελληνική Ιστορία και ο Πόλεμος στον Κινηματογράφο μας, Η Αστυνομική Ταινία, Το Μιούζικαλ, Μιά σημείωση για την Κωμωδία. | ||
| 700 | 1 |
_aΣολδατός Γιάννης _92716 |
|
| 942 | _cBK | ||
| 999 |
_c2109 _d2109 |
||